000 00440nam a22001817a 4500
003 MPLRDC
005 20220104123558.0
008 210129b ||||| |||| 00| 0 eng d
020 _a7-80617-861-9
082 _a595.76 XPL
100 _aTOM CLANCY
245 _a核潜艇之旅
_c宣蓬莱译
250 _a一版一刷
260 _a
_b海南出版社
_c1997
300 _b
650 _a军用物理学
942 _cBK
_o595.76 XPL
999 _c12536
_d12526